Administración Exitosa de Proyectos, 6th Edition (Registro nro. 174113)
[ vista simple ]
| 000 -LEADER | |
|---|---|
| fixed length control field | 01540nam#a2200277 4500 |
| 001 - CONTROL NUMBER | |
| control field | 9786075265292 |
| 003 - CONTROL NUMBER IDENTIFIER | |
| control field | VST |
| 006 - FIXED-LENGTH DATA ELEMENTS--ADDITIONAL MATERIAL CHARACTERISTICS--GENERAL INFORMATION | |
| fixed length control field | m o d |
| 007 - PHYSICAL DESCRIPTION FIXED FIELD--GENERAL INFORMATION | |
| fixed length control field | cr#un#---uucau |
| 008 - FIXED-LENGTH DATA ELEMENTS--GENERAL INFORMATION | |
| fixed length control field | 170607s2017 MEX d |
| 020 ## - INTERNATIONAL STANDARD BOOK NUMBER | |
| International Standard Book Number | 9786075265292 |
| 040 ## - CATALOGING SOURCE | |
| Original cataloging agency | VST |
| Transcribing agency | VST |
| Modifying agency | VST |
| 100 1# - MAIN ENTRY--PERSONAL NAME | |
| Personal name | Gido, Jack; Clements, James |
| Relator term | author |
| 245 10 - TITLE STATEMENT | |
| Title | Administración Exitosa de Proyectos, 6th Edition |
| 250 ## - | |
| -- | sixth edition |
| 260 ## - PUBLICATION, DISTRIBUTION, ETC. (IMPRINT) | |
| Place of publication, distribution, etc | Mexico : |
| 264 #1 - | |
| -- | Mexico : |
| -- | Cengage Learning Editores, |
| -- | 2017 |
| 300 ## - PHYSICAL DESCRIPTION | |
| Extent | 1 online resource |
| 336 ## - | |
| -- | text |
| -- | txt |
| -- | rdacontent |
| 337 ## - | |
| -- | computer |
| -- | c |
| -- | rdamedia |
| 520 ## - SUMMARY, ETC. | |
| Summary, etc | Dirigido a estudiantes, profesionales y público en general, interesados en conocer y construir habilidades para el desarrollo de los proyectos en los que participan. La obra es una guía para todos los participantes en un proyecto, proporciona las bases necesarias para ser miembro efectivo de un equipo de proyecto y así aumentar su potencial para enfrentarse a la administración de proyectos. Los proyectos que podrían haber sido exitosos fracasan debido a que se asume que los enfoques están establecidos. Los individuos necesitan información concreta y habilidades reales para trabajar con éxito en un entorno de proyecto y para lograr los objetivos del mismo, y es lo que la obra ofrece. |
| 650 #4 - SUBJECT ADDED ENTRY--TOPICAL TERM | |
| Topical term or geographic name as entry element | Business & Economics/Management |
| 856 40 - LOCALIZACIÓN Y ACCESO ELECTRÓNICO | |
| Identificador Uniforme del Recurso (URI/URL) | https://bc.vitalsource.com/tenants/universidad_insurgentes/libraries?bookmeta_vbid=9786075265292 |
| 942 ## - | |
| -- | RAA |
| 999 ## - | |
| -- | 174113 |
| -- | 174113 |
No hay ítems disponibles.